| 000 | 00417pam a2200169 a 4500 | ||
|---|---|---|---|
| 020 | _cP.B. | ||
| 041 | _h | ||
| 082 |
_a005.754 _bGON |
||
| 100 | _aGONCALVES M. | ||
| 245 |
_aFIREWALLS A COMPLETE GUIDE _hTextual Documents |
||
| 250 | _a01-01-2000 | ||
| 260 | _bTATA MC GRAW HILL INT. NEW DELHI | ||
| 300 |
_aXXI/678 _e1 CD |
||
| 500 | _a4808 | ||
| 653 | _aOBJECT ORIENTED MODELLING DESIGN (B.E.) | ||
| 930 | _a4403 | ||
| 999 |
_c47628 _d47628 |
||